| 000 | 00433nam a22001697a 4500 | ||
|---|---|---|---|
| 008 | 170612b xxu||||| |||| 00| p tur d | ||
| 020 | _a9789754064940 | ||
| 041 | _atur | ||
| 050 | _aPL234.A374 | ||
| 100 |
_aAkova, Akgün _9530 |
||
| 245 |
_aBaba Bana Bağırma _cAkgün Akova |
||
| 250 | _a1. baskı | ||
| 260 |
_aİstanbul _bCem Yayınevi _cKasım 1994 |
||
| 300 | _a96 sayfa | ||
| 650 | 0 |
_9145 _aTürk Edebiyatı |
|
| 942 |
_2lcc _cBK |
||
| 999 |
_c710 _d701 |
||